000 01497nam a2200349Ia 4500
001 ebr10478473
003 CaPaEBR
006 m u
007 cr cn|||||||||
008 110113s2010 cc a esb 000 0 eng d
020 _z9789627707738
040 _aCaPaEBR
_cCaPaEBR
035 _a(OCoLC)742515676
050 1 4 _aPT8895
_b.I27 2010eb
245 0 0 _aIbsen and the modern self
_h[electronic resource] /
_cedited by Kwok-kan Tam, Terry Siu-han Yip, Forde Helland ; consultant, Knut Brynhildsvoll.
260 _aHong Kong :
_bOpen University of Hong Kong Press,
_cc2010.
300 _axxiv, 328 p. :
_bill.
490 0 _aUniversity collection
490 0 _aActa Ibseninan ;
_vVII
500 _a"Centre for Ibsen Studies, University of Oslo, Open University of Hong Kong Press."
504 _aIncludes bibliographical references.
533 _aElectronic reproduction.
_bPalo Alto, Calif. :
_cebrary,
_d2011.
_nAvailable via World Wide Web.
_nAccess may be limited to ebrary affiliated libraries.
600 1 0 _aIbsen, Henrik,
_d1828-1906
_xCriticism and interpretation.
650 0 _aSelf in literature.
655 7 _aElectronic books.
_2local
700 1 _aTam, Kwok-kan,
_d1952-
700 1 _aYip, Terry Siu-han,
_d1956-
700 1 _aHelland, Forde,
_d1964-
710 2 _aUniversitetet i Oslo.
_bIbsensenteret.
710 2 _aebrary, Inc.
856 4 0 _uhttp://site.ebrary.com/lib/rucke/Doc?id=10478473
_zAn electronic book accessible through the World Wide Web; click to view
999 _c222919
_d222919